Numéros des départements français de 21 à 30 - Statistiques

Statistiques générales
  • Ce quiz a été pris 12 fois
  • Le résultat moyen est 9 sur 10
Statistiques - réponses
Hint Réponse % Correct
21 Côte-d'Or
100%
22 Côtes-d'Armor
88%
23 Creuse
88%
25 Doubs
88%
26 Drôme
88%
27 Eure
88%
28 Eure-et-Loir
88%
29 Finistère
88%
30 Gard
88%
24 Dordogne
75%
Aucun quiz correspondant
Distribution des résultats
% des personnes avec chaque résultat
Percentile par nombre de réponses
Votre historique - résultats
Vous n’avez pas pris ce quiz